000 00307nam a22001337a 4500
008 171226b xxu||||| |||| 00| 0 eng d
020 _a0080238483
041 _aeng
080 _a574
100 _a9
101 _aMJE
245 _aSENSORY ASSESSMENT OF WATER QUALITY
_cZOETMAN.B.C.J
942 _2udc
_cBK
999 _c39426
_d39426